00733nam a2200205Ia 4500003000900000008004100009020001800050040001600068080002300084100002300107245010000130260003700230300001500267650004100282650002400323650002500347942000700372999001700379952013100396IN-BaIIA211028s9999 xx 000 0 eng d a0-7923-3028-5 cIIA Library a52(082.1)bASS-198 aShi-hui, Ye919272 0aMagnetic fields of celestial bodiescYe Shi-hui  aDordrechtbKluwer Academicc1994 axvi, 340p. aAstronomy and astrophysics thesaurus aCelestial mechanics aMagnetic fields9530 cBK c11245d11245 00104070aBANbBANcGENd1995-03-13g4536.00l0o52(082.1)/ ASS-198p12160r2021-11-05v4536.00w1995-03-13yBKGRs. 4536.00